书目信息 |
| 书名: | The pocket guide to Critical thinking | |
| 作者: | Richard L. Epstein. | |
| 分册号: | ||
| 分册名: | 出版地: | Australia ; |
|
| 出版社: | Wadsworth/Thomson Learning | |
| 出版时间: | c2000. | |
| 页数: | 91 p. : | |
| 开本: | 22 cm. | |
| 丛书名: | ||
| 中图分类号: | ||
| 科图分类号: | ||
| 其他分类号: | B812.23 | |
| 主题词: | ||
| 电子资源: | ||
| 000 | 01152cam a2200301 a 450 | |
| 001 | E0753145874 | |
| 005 | 20070517150151.68 | |
| 008 | 991007s2000 at a 001 0 eng | |
| 010 | @a99052428 | |
| 020 | @a0534558445 (pbk.). | |
| 040 | @aDLC@beng@cDLC@dDLC | |
| 050 | 00 | @aBF441@b.E672 2000 |
| 082 | 00 | @a160@2 21 |
| 090 | @aB812.23 | |
| 099 | @dB812.23@ex43 | |
| 100 | 1 | @aEpstein, Richard L.,@d1947- |
| 245 | 14 | @aThe pocket guide to Critical thinking / @cRichard L. Epstein. |
| 260 | @aAustralia ;@aBelmont, CA :@bWadsworth/Thomson Learning,@cc2000. | |
| 300 | @a91 p. :@bill. ;@c22 cm. | |
| 500 | @aAbridgement of author’s Critical thinking. | |
| 500 | @aIncludes index. | |
| 650 | 0 | @aCritical thinking. |
| 650 | 0 | @aCritical thinking@xProblems, exercises, etc. |
| 700 | @aEpstein, Richard L.,@d1947- | |
| 700 | 1 | @aEpstein, Richard L.,@d1947-@tCritical thinking. |
| 906 | @a7@bcbc@corignew@d1@eocip@f19@gy-gencatlg | |
| 925 | 0 | @aacquire@b1 shelf copy@xpolicy default |
| 955 | @ato SSCD pb18 10-07-99; sj11 (desc.) 10-08-99; sh33 10-13-99; sh43 to Dewey 10-14-99;aa03 10-15-99; CIP ver. sh21 03-06-00; lc03 to BCCD 03-10-00 | |
| The pocket guide to Critical thinking / / Richard L. Epstein.-Australia ; ; Belmont, CA : : Wadsworth/Thomson Learning, , c2000. |
| 91 p. : : ill. ; ; 22 cm. |
| Abridgement of author’s Critical thinking.-Includes index. |
| ISBN 0534558445 (pbk.). |
| ● |
| 相关链接 |
|
|
|
|
正题名:pocket guide to Critical thinking
索取号:B812.23/x43
 
预约/预借
| 序号 | 登录号 | 条形码 | 馆藏地/架位号 | 状态 | 备注 |
| 1 | 9790 | 300097909 | 第二样本阅览室/ [索取号:B812.23/x43] | 在馆 |